00435nam a2200193Ia 4500003000900000008004100009040001300050040001300063041000800076100001600084245002700100250001100127260001200138260000900150300001100159300001000170490000600180600005500186IT-RoPAU120407s9999 xx 000 0 und d aIT-RoPAU cIT-RoPAU aita aOrsola Nemi aI cristiani dimezzati. aMilano aRusconi c1972 a179 p. c18 cm v1 a"-- Vedi anche 230.4 39"